Lịch sử Chính phủ Việt Nam. t.I, 1945 - 1955 /

में बचाया:
ग्रंथसूची विवरण
निगमित लेखक: Ban chỉ đạo biên soạn lịch sử Chính phủ Việt Nam
स्वरूप: Sách giấy
भाषा:Vietnamese
प्रकाशित: H. : Chính trị Quốc gia, 2005
विषय:
टैग : टैग जोड़ें
कोई टैग नहीं, इस रिकॉर्ड को टैग करने वाले पहले व्यक्ति बनें!
Thư viện lưu trữ: Thư viện Trường Đại học Đà Lạt
LEADER 00890nam a2200313 4500
001 DLU060051854
005 ##20060322
040 # # |a DLU  |b vie 
041 # # |a vie 
044 # # |a vn 
082 # # |a 959.704  |b BAN 
110 # # |a Ban chỉ đạo biên soạn lịch sử Chính phủ Việt Nam 
245 # # |a Lịch sử Chính phủ Việt Nam.  |n t.I,  |p 1945 - 1955 /  |c Ban chỉ đạo biên soạn lịch sử Chính phủ Việt Nam 
260 # # |a H. :  |b Chính trị Quốc gia,  |c 2005 
300 # # |a 454 tr. ;  |c 24 cm 
504 # # |a Tài liệu tham khảo :tr.446 - 450 
653 # # |a Lịch sử Việt Nam 
653 # # |a Thời kỳ 1945 - 1955 
923 # # |a 01/2006 
990 # # |a t.I 
992 # # |a 22.700 
994 # # |a DLU 
900 # # |a True 
911 # # |a Đào Thị Thu Huyền 
925 # # |a G 
926 # # |a A 
927 # # |a SH 
980 # # |a Thư viện Trường Đại học Đà Lạt